Das Kriegsgefangenenlager Ingolstadt während des Ersten Weltkriegs /

Saved in:
Bibliographic Details
Main Author: Mitze, Katja, 1969-
Format: Book
Language:German
Published: Berlin : Dissertation.de, c2000.
Subjects:
Tags: Add Tag
No Tags, Be the first to tag this record!
LEADER 01009cam a2200289 a 4500
001 008669727-7
005 20041129102111.0
008 010323s2000 gw a bm 000 0 ger
010 |a  2001375432 
016 7 |a 959209271  |2 GyFmDB 
020 |a 3898250989 (pbk. : acid-free paper) 
035 0 |a ocm46430401 
040 |a DLC  |c DLC  |d OHX  |d CGU  |d OCLCQ 
043 |a e-gx--- 
050 0 0 |a D627.G3  |b M525 2000 
072 7 |a D  |2 lcco 
100 1 |a Mitze, Katja,  |d 1969- 
245 1 4 |a Das Kriegsgefangenenlager Ingolstadt während des Ersten Weltkriegs /  |c Katja Mitze. 
260 |a Berlin :  |b Dissertation.de,  |c c2000. 
300 |a 490 p. :  |b ill. ;  |c 21 cm. 
500 |a "Neuere Geschichte." 
502 |a Originally presented as the author's thesis (doctoral)--Universität Münster (Westfalen), 2000. 
504 |a Includes bibliographical references (p. 452-489). 
610 2 0 |a Kriegsgefangenenlager Ingolstadt. 
650 0 |a World War, 1914-1918  |x Prisoners and prisons, German. 
988 |a 20020608 
906 |0 DLC